[Event "87o Campeonato Brasileiro Absoluto Final Aberta"]
[Site "Cuiaba MT"]
[Date "2021.11.04"]
[Round "11"]
[Board "44"]
[White "Duailibi, Ricardo Miguel"]
[Black "Nogueira, Ivan Kuhlmann"]
[Result "0-1"]
[WhiteElo "1849"]
[BlackElo "2237"]
[PlyCount "82"]
[EventDate "2021.10.28"]
[EventRounds "11"]
[EventCountry "BRA"]

1. c4 b6 2. Nf3 Bb7 3. Nc3 Nf6 4. g3 g6 5. Bg2 Bg7 6. d3 O-O 7. e4 d6 8. O-O c5
9. Ne1 Nc6 10. f4 Ne8 11. f5 Nd4 12. fxg6 hxg6 13. Bg5 Ne6 14. Be3 N8c7 15. Qd2
a6 16. Bh6 b5 17. Bxg7 Kxg7 18. b3 Nd4 19. Nf3 Nxf3+ 20. Rxf3 b4 21. Nd1 Ne6
22. Ne3 Nd4 23. Rf2 Qd7 24. Raf1 f6 25. Rf4 a5 26. Rg4 Kf7 27. Bh3 Rh8 28. Rh4
Qd8 29. Ng2 a4 30. Qg5 Kg7 31. Qe3 axb3 32. axb3 e5 33. Qf2 Nxb3 34. Rxh8 Kxh8
35. Qxf6+ Qxf6 36. Rxf6 Nd4 37. Ne3 b3 38. Rf7 Bc6 39. Ng4 b2 40. Nf6 Nf3+ 41.
Kg2 Ng5  0-1

[Event "87o Campeonato Brasileiro Absoluto Final Aberta"]
[Site "Cuiaba MT"]
[Date "2021.11.04"]
[Round "11"]
[Board "45"]
[White "Aoyama, Edmundo"]
[Black "Cavalcante, Rodrigo Moreira"]
[Result "1-0"]
[WhiteElo "1824"]
[BlackElo "1964"]
[PlyCount "73"]
[EventDate "2021.10.28"]
[EventRounds "11"]
[EventCountry "BRA"]

1. Nf3 Nf6 2. g3 d5 3. Bg2 c6 4. O-O e6 5. d4 Nbd7 6. Nbd2 Be7 7. Re1 Ne4 8.
Nxe4 dxe4 9. Nd2 f5 10. f3 Nf6 11. e3 exf3 12. Nxf3 O-O 13. c3 Ne4 14. Nd2 Nd6
15. Rf1 Bg5 16. Qe2 Bd7 17. Nf3 Bf6 18. Nd2 Bg5 19. Nf3 Be7 20. Nd2 Be8 21. e4
Bg6 22. e5 Nf7 23. Nb3 Qc7 24. Bf4 Rad8 25. Rad1 Ng5 26. Bxg5 Bxg5 27. Qc4 Bf7
28. Nc5 Qc8 29. b4 Rfe8 30. Qe2 b6 31. Nd3 Re7 32. Kh1 Rc7 33. Qf3 Qa6 34. Rf2
Qc4 35. Rc2 Bg6 36. Nf4 Bf7 37. Bf1  1-0

[Event "87o Campeonato Brasileiro Absoluto Final Aberta"]
[Site "Cuiaba MT"]
[Date "2021.11.04"]
[Round "11"]
[Board "46"]
[White "Fedrizzi, Roberto Senatore"]
[Black "Sopko, Cassio Roberto"]
[Result "1-0"]
[WhiteElo "1962"]
[BlackElo "1877"]
[PlyCount "55"]
[EventDate "2021.10.28"]
[EventRounds "11"]
[EventCountry "BRA"]

1. d4 f5 2. Nf3 e6 3. c4 d5 4. e3 c6 5. Bd3 Nf6 6. O-O Bd6 7. Nc3 O-O 8. a3 Ne4
9. Ne1 Qh4 10. f4 Rf6 11. Nf3 Qh5 12. cxd5 exd5 13. Qb3 Nxc3 14. bxc3 Nd7 15.
c4 dxc4 16. Bxc4+ Kf8 17. Bb2 Nb6 18. d5 Rh6 19. dxc6 bxc6 20. Qc3 Nxc4 21.
Qxg7+ Ke8 22. Qg8+ Ke7 23. Qxc4 Bd7 24. Rad1 Rb8 25. Bg7 Rg6 26. Be5 Rb7 27.
Rxd6 Rxd6 28. Qc5  1-0

[Event "87o Campeonato Brasileiro Absoluto Final Aberta"]
[Site "Cuiaba MT"]
[Date "2021.11.04"]
[Round "11"]
[Board "47"]
[White "Silva, Guilherme Henrique De Mora"]
[Black "Andrade, Guilherme A. De Souza"]
[Result "1-0"]
[WhiteElo "1943"]
[BlackElo "1852"]
[PlyCount "119"]
[EventDate "2021.10.28"]
[EventRounds "11"]
[EventCountry "BRA"]

1. e4 c5 2. Nf3 d6 3. Bb5+ Nd7 4. d4 cxd4 5. Qxd4 a6 6. Bxd7+ Bxd7 7. c4 Nf6 8.
Nc3 e6 9. O-O Be7 10. b3 O-O 11. Bb2 Bc6 12. Rfe1 Re8 13. Rad1 Qa5 14. a3 Qc5
15. Qxc5 dxc5 16. Ne5 Red8 17. Nxc6 bxc6 18. e5 Nd7 19. Rd3 Nf8 20. Red1 Rxd3
21. Rxd3 Rd8 22. Rxd8 Bxd8 23. Ne4 Be7 24. Kf1 Nd7 25. Ke2 Kf8 26. Kd3 Ke8 27.
f3 Kd8 28. Bc3 Kc8 29. Nf2 Bg5 30. Ne4 Be7 31. f4 Nf8 32. Nf2 Nd7 33. Ke4 Nf8
34. Nd3 Kb7 35. g4 g6 36. Bd2 Kb6 37. Be3 Nd7 38. f5 exf5+ 39. gxf5 Kc7 40. h3
Kd8 41. e6 gxf5+ 42. Kxf5 fxe6+ 43. Kxe6 Nf8+ 44. Kf7 Nd7 45. Kg7 Nf8 46. Kh6
Ne6 47. Kxh7 Kd7 48. Kg6 Kd6 49. Kf5 Ng7+ 50. Ke4 Ne6 51. Bf4+ Kd7 52. Ne5+ Kd6
53. Ng6+ Kd7 54. Nxe7 Kxe7 55. Be3 Kf6 56. h4 Kf7 57. Ke5 Ke7 58. h5 Kf7 59.
Kd6 Ng7 60. Kxc5  1-0

[Event "87o Campeonato Brasileiro Absoluto Final Aberta"]
[Site "Cuiaba MT"]
[Date "2021.11.04"]
[Round "11"]
[Board "48"]
[White "Gazineu Neto, Rubens"]
[Black "Pessoa, Marcio De Souza"]
[Result "0-1"]
[WhiteElo "1931"]
[BlackElo "1818"]
[PlyCount "113"]
[EventDate "2021.10.28"]
[EventRounds "11"]
[EventCountry "BRA"]

1. c4 f5 2. d4 e6 3. g3 Nf6 4. Nc3 d5 5. Nf3 c6 6. Qb3 Bd6 7. Bg2 O-O 8. O-O
Nbd7 9. Ng5 Qe7 10. f4 h6 11. Nf3 Ne4 12. Nxe4 fxe4 13. Ne5 Nxe5 14. dxe5 Bc5+
15. e3 a5 16. a4 b6 17. Re1 Ba6 18. Bf1 Qf7 19. Be2 Qg6 20. Kg2 Kh8 21. Bd2
Rad8 22. Rad1 Rd7 23. Bc1 Rfd8 24. h3 Bb7 25. cxd5 exd5 26. Rf1 Rf7 27. Kh2 h5
28. Bd2 Bc8 29. Rh1 Be6 30. Qc2 d4 31. exd4 Rxd4 32. Bc3 Rxd1 33. Bxd1 Qf5 34.
Qg2 Bd5 35. Re1 h4 36. Rf1 Be3 37. Be1 hxg3+ 38. Bxg3 Bd4 39. Bg4 e3 40. Qe2
Qe4 41. Bf3 Qf5 42. Bg4 Qe4 43. Bf3 Qh7 44. Bxd5 cxd5 45. e6 Rc7 46. f5 Rc8 47.
b3 Qh6 48. h4 Qf6 49. Kh3 Be5 50. Rf3 d4 51. Qh2 Bxg3 52. Qxg3 e2 53. Qe1 Qe5
54. Kg2 Qe4 55. Kf2 Rc2 56. h5 Qh4+ 57. Kg2  0-1

[Event "87o Campeonato Brasileiro Absoluto Final Aberta"]
[Site "Cuiaba MT"]
[Date "2021.11.04"]
[Round "11"]
[Board "49"]
[White "Nunes, Gustavo Morais"]
[Black "Jorge, Denrick Cabral Jose"]
[Result "1/2-1/2"]
[WhiteElo "1819"]
[BlackElo "1927"]
[PlyCount "51"]
[EventDate "2021.10.28"]
[EventRounds "11"]
[EventCountry "BRA"]

1. d4 Nf6 2. c4 g6 3. Nf3 Bg7 4. g3 O-O 5. Bg2 c5 6. O-O cxd4 7. Nxd4 Nc6 8.
Nc3 Nxd4 9. Qxd4 d6 10. Bg5 h6 11. Bxf6 Bxf6 12. Qd2 Bg7 13. Rac1 Rb8 14. b3
Bd7 15. Rfd1 Bc6 16. Nd5 Qd7 17. e4 Rfd8 18. Qe3 e6 19. Nb4 a5 20. Nc2 Qe7 21.
a4 Kh7 22. Rd3 h5 23. Qb6 Ra8 24. Rcd1 h4 25. Qe3 Bh6 26. Qe1  1/2-1/2

[Event "87o Campeonato Brasileiro Absoluto Final Aberta"]
[Site "Cuiaba MT"]
[Date "2021.11.04"]
[Round "11"]
[Board "50"]
[White "Leite, Coraci De Jesus"]
[Black "Dos Anjos, Avner Augusto"]
[Result "1/2-1/2"]
[WhiteElo "1763"]
[BlackElo "1923"]
[PlyCount "97"]
[EventDate "2021.10.28"]
[EventRounds "11"]
[EventCountry "BRA"]

1. e4 c5 2. Nf3 Nc6 3. Bb5 g6 4. Bxc6 bxc6 5. O-O Bg7 6. c3 Nf6 7. d3 O-O 8.
Na3 d6 9. h3 Qc7 10. Bd2 Rb8 11. Qc1 Ba6 12. Re1 Bxd3 13. e5 Ne4 14. Bh6 f5 15.
exf6 Bxh6 16. Qxh6 Nxf6 17. Qe3 Bf5 18. Qxe7 Qxe7 19. Rxe7 Rxb2 20. Rxa7 Ne4
21. Re1 d5 22. Rb1 Rxb1+ 23. Nxb1 Nxf2 24. Nbd2 Ne4 25. Nxe4 Bxe4 26. Ne5 d4
27. cxd4 cxd4 28. Rc7 Rb8 29. Rf7 Rb1+ 30. Rf1 c5 31. Nd7 Rxf1+ 32. Kxf1 Bd3+
33. Ke1 c4 34. Ne5 Be4 35. Nxc4 Bxg2 36. a4 Bxh3 37. a5 h5 38. a6 Bg2 39. Ne5
Kg7 40. Kf2 Ba8 41. Nf3 Kf6 42. Nxd4 g5 43. Kg3 Ke5 44. Nf3+ Kf5 45. Nd4+ Kf6
46. Nf3 g4 47. Nh4 Ke5 48. Ng6+ Kd4 49. Nf4  1/2-1/2

[Event "87o Campeonato Brasileiro Absoluto Final Aberta"]
[Site "Cuiaba MT"]
[Date "2021.11.04"]
[Round "11"]
[Board "52"]
[White "Castro Silva, Alex"]
[Black "Franca Junior, Jairo"]
[Result "1-0"]
[WhiteElo "1961"]
[BlackElo "1755"]
[PlyCount "43"]
[EventDate "2021.10.28"]
[EventRounds "11"]
[EventCountry "BRA"]

1. e4 c5 2. Nf3 d6 3. d4 cxd4 4. Nxd4 Nf6 5. Nc3 a6 6. Bc4 e6 7. Bb3 Qc7 8. O-O
Be7 9. f4 b5 10. f5 b4 11. fxe6 bxc3 12. exf7+ Kf8 13. Bg5 cxb2 14. Rb1 Nc6 15.
Bxf6 Bxf6 16. Rxf6 Nxd4 17. Qxd4 gxf6 18. Qxf6 Qc5+ 19. Kh1 Qe5 20. Qd8+ Kg7
21. Qxh8+ Kg6 22. Qxe5  1-0

[Event "87o Campeonato Brasileiro Absoluto Final Aberta"]
[Site "Cuiaba MT"]
[Date "2021.11.04"]
[Round "11"]
[Board "53"]
[White "Oliveira, Leonardo Tadeu De Alme"]
[Black "Teixeira, Jonas Carvalho"]
[Result "1-0"]
[WhiteElo "2121"]
[BlackElo "1785"]
[PlyCount "61"]
[EventDate "2021.10.28"]
[EventRounds "11"]
[EventCountry "BRA"]

1. e4 c5 2. Nf3 Nc6 3. d4 cxd4 4. Nxd4 g6 5. Nc3 Bg7 6. Be3 Nf6 7. Bc4 O-O 8.
f3 a6 9. Nxc6 dxc6 10. Qe2 Qc7 11. O-O b5 12. Bb3 a5 13. a3 Ba6 14. Nd1 Nd7 15.
c4 Ne5 16. Nc3 bxc4 17. Ba2 Nd3 18. Qc2 Rab8 19. Rab1 Rfd8 20. Rfd1 Qe5 21. Na4
Rd7 22. Nb6 Rdb7 23. Nxc4 Bxc4 24. Qxc4 Nf4 25. Qxf7+ Kh8 26. Qxf4 Rxb2 27.
Rxb2 Qxb2 28. Rb1 Qxb1+ 29. Bxb1 Rxb1+ 30. Kf2 Rb2+ 31. Ke1  1-0

[Event "87o Campeonato Brasileiro Absoluto Final Aberta"]
[Site "Cuiaba MT"]
[Date "2021.11.04"]
[Round "11"]
[Board "54"]
[White "Da Silva Santos, Jarlison"]
[Black "Cilento, Lucas Geraldo"]
[Result "1-0"]
[WhiteElo "1774"]
[BlackElo "1952"]
[PlyCount "91"]
[EventDate "2021.10.28"]
[EventRounds "11"]
[EventCountry "BRA"]

1. e4 c5 2. Nf3 Nc6 3. c3 Nf6 4. e5 Nd5 5. Bc4 Nb6 6. Bb3 c4 7. Bc2 Qc7 8. Qe2
g6 9. d4 cxd3 10. Bxd3 Bg7 11. Bf4 Nd5 12. Bg3 e6 13. O-O b6 14. Na3 O-O 15.
Nb5 Qb8 16. Nd6 Nd8 17. Ba6 Bxa6 18. Qxa6 Nc7 19. Qd3 Nb7 20. Nxb7 Qxb7 21.
Qxd7 Rad8 22. Qa4 Rd5 23. Rfd1 Rfd8 24. Rxd5 Qxd5 25. h3 a5 26. Qd4 Qxd4 27.
Nxd4 Rd5 28. f4 g5 29. Re1 gxf4 30. Bxf4 Na6 31. Nf3 Nc5 32. Re2 Nd3 33. Bg3
Nc1 34. Rd2 Rxd2 35. Nxd2 Nxa2 36. Nc4 a4 37. Nxb6 a3 38. bxa3 Nxc3 39. a4 Ne2+
40. Kf2 Nxg3 41. Kxg3 Bxe5+ 42. Kf3 Bc3 43. Nc4 f5 44. a5 e5 45. a6 e4+ 46. Ke3
 1-0

[Event "87o Campeonato Brasileiro Absoluto Final Aberta"]
[Site "Cuiaba MT"]
[Date "2021.11.04"]
[Round "11"]
[Board "55"]
[White "Borges, Ivoney"]
[Black "De Souza Monteiro, Marcos Paulo"]
[Result "1/2-1/2"]
[WhiteElo "1767"]
[BlackElo "1942"]
[PlyCount "82"]
[EventDate "2021.10.28"]
[EventRounds "11"]
[EventCountry "BRA"]

1. e4 c5 2. Nf3 d6 3. d4 cxd4 4. Nxd4 Nf6 5. Nc3 g6 6. Be3 Bg7 7. f3 Nc6 8. Qd2
O-O 9. O-O-O Bd7 10. g4 Rc8 11. Kb1 Re8 12. h4 h5 13. gxh5 Nxh5 14. Nde2 Ne5
15. Nd4 Ng3 16. Bd3 Nxh1 17. Rxh1 Nc4 18. Bxc4 Rxc4 19. h5 e5 20. Nde2 Qf6 21.
hxg6 fxg6 22. Ng3 Be6 23. Bg5 Rd4 24. Qe3 Qf7 25. b3 Rc8 26. Nb5 a6 27. Nxd4
exd4 28. Qd2 Rc3 29. Bh6 d3 30. Bxg7 dxc2+ 31. Kb2 c1=Q+ 32. Rxc1 Rxc1 33. Kxc1
Qxg7 34. Kd1 Qa1+ 35. Ke2 Qe5 36. f4 Qc5 37. f5 gxf5 38. exf5 Qe5+ 39. Qe3 Qb2+
40. Qd2 Qe5+ 41. Qe3 Qb2+  1/2-1/2

[Event "87o Campeonato Brasileiro Absoluto Final Aberta"]
[Site "Cuiaba MT"]
[Date "2021.11.04"]
[Round "11"]
[Board "56"]
[White "Melo, Igor De Souza"]
[Black "Zakowicz, Rafael"]
[Result "0-1"]
[WhiteElo "1710"]
[BlackElo "1932"]
[PlyCount "80"]
[EventDate "2021.10.28"]
[EventRounds "11"]
[EventCountry "BRA"]

1. e4 c5 2. Nf3 d6 3. Bb5+ Nd7 4. O-O e5 5. c3 Ngf6 6. Re1 Be7 7. d4 Qc7 8. d5
a6 9. Bd3 Nf8 10. Nbd2 g5 11. Nxg5 h5 12. Nf1 Rg8 13. f4 c4 14. Be2 exf4 15.
Bxf4 Ng4 16. Nf3 Ng6 17. Bd2 Qc5+ 18. Nd4 Nh4 19. g3 Bf6 20. Bc1 Bd7 21. Ne3
Ne5 22. Kh1 Nhg6 23. Rf1 Bh8 24. Bxh5 Bh3 25. Rf2 Nd3 26. Re2 Nge5 27. b3 Rg5
28. Bxf7+ Kxf7 29. bxc4 Rf8 30. a4 Nxc1 31. Rxc1 Ke8 32. Rb1 Ng4 33. Qg1 Bxd4
34. cxd4 Qxd4 35. Nxg4 Qxc4 36. Ree1 Bxg4 37. h3 Bf3+ 38. Qg2 Bxg2+ 39. Kxg2
Qc2+ 40. Kh1 Rxg3  0-1

[Event "87o Campeonato Brasileiro Absoluto Final Aberta"]
[Site "Cuiaba MT"]
[Date "2021.11.04"]
[Round "11"]
[Board "57"]
[White "Costa, Kerginaldo Brito Da"]
[Black "Correa, Joao Pedro Vieira"]
[Result "1/2-1/2"]
[WhiteElo "1926"]
[BlackElo "1750"]
[PlyCount "20"]
[EventDate "2021.10.28"]
[EventRounds "11"]
[EventCountry "BRA"]

1. e4 c5 2. Nf3 d6 3. c3 Nf6 4. h3 Nc6 5. Bd3 g6 6. Bc2 Bg7 7. O-O O-O 8. Re1
Qc7 9. d4 e5 10. d5 Ne7  1/2-1/2

[Event "87o Campeonato Brasileiro Absoluto Final Aberta"]
[Site "Cuiaba MT"]
[Date "2021.11.04"]
[Round "11"]
[Board "59"]
[White "Rodrigues, Julliano De Araujo"]
[Black "Vargas, Roberto Carlos Melgarejo"]
[Result "0-1"]
[WhiteElo "1917"]
[BlackElo "1722"]
[PlyCount "51"]
[EventDate "2021.10.28"]
[EventRounds "11"]
[EventCountry "BRA"]

1. e4 c5 2. Nf3 g6 3. d4 cxd4 4. Nxd4 Nc6 5. c4 Nf6 6. Nc3 d6 7. Be2 Nxd4 8.
Qxd4 Bg7 9. O-O O-O 10. f3 Be6 11. Be3 Nd5 12. Qd2 Nxc3 13. bxc3 Qa5 14. Bd4
Bxd4+ 15. Qxd4 Rac8 16. Rab1 Qa6 17. Rb5 Qc6 18. Rfb1 b6 19. R1b4 Rc7 20. a4
Rfc8 21. Kf2 Qa8 22. a5 bxa5 23. Rxa5 Rc5 24. Rba4 R8c7 25. Ke3 Bd7 26. Ra3 {
ilegÃƒ^^vel}  0-1

[Event "87o Campeonato Brasileiro Absoluto Final Aberta"]
[Site "Cuiaba MT"]
[Date "2021.11.04"]
[Round "11"]
[Board "60"]
[White "Pironti, Francisco Ferrari"]
[Black "Baeta, Marcio Netto"]
[Result "0-1"]
[WhiteElo "1499"]
[BlackElo "1906"]
[PlyCount "64"]
[EventDate "2021.10.28"]
[EventRounds "11"]
[EventCountry "BRA"]

1. e4 Nf6 2. e5 Nd5 3. d4 d6 4. c4 Nb6 5. f4 dxe5 6. fxe5 c5 7. d5 e6 8. Nc3
exd5 9. cxd5 c4 10. Nf3 Bg4 11. d6 Nc6 12. Nb5 Bxf3 13. Qxf3 Nxe5 14. Qe4 Bxd6
15. Bf4 Bb4+ 16. Kf2 Bc5+ 17. Kg3 Nbd7 18. Bxe5 Qg5+ 19. Kh3 Qh5+ 20. Kg3 Qg5+
21. Kh3 Qh5+ 22. Kg3 O-O 23. Bf4 Nf6 24. Qf3 Qg6+ 25. Kh3 Ne4 26. g3 Qc6 27.
Kg2 Qxb5 28. Qxe4 Qxb2+ 29. Be2 Rae8 30. Rab1 Qxe2+ 31. Qxe2 Rxe2+ 32. Kh3 Bd4
 0-1

[Event "87o Campeonato Brasileiro Absoluto Final Aberta"]
[Site "Cuiaba MT"]
[Date "2021.11.04"]
[Round "11"]
[Board "61"]
[White "Passos, Rafael Moreira"]
[Black "Boabaid, Jorge Alberto Duardes"]
[Result "1-0"]
[WhiteElo "1893"]
[BlackElo "1712"]
[PlyCount "85"]
[EventDate "2021.10.28"]
[EventRounds "11"]
[EventCountry "BRA"]

1. d4 Nf6 2. c4 e6 3. g3 d5 4. Bg2 c6 5. Nf3 Nbd7 6. O-O Be7 7. Qc2 O-O 8. Nbd2
Bd6 9. e4 dxe4 10. Nxe4 Nxe4 11. Qxe4 Nf6 12. Qe2 c5 13. Rd1 Qc7 14. b3 cxd4
15. Nxd4 a6 16. Bb2 e5 17. Nc2 Bg4 18. Bf3 Bxf3 19. Qxf3 Rae8 20. Ne3 e4 21.
Qe2 Be5 22. Rab1 Bxb2 23. Rxb2 Qe5 24. Rbd2 h5 25. Nd5 Ng4 26. Ne3 Qg5 27. Nxg4
hxg4 28. Rd5 f5 29. Qe3 Qh5 30. Rd7 Re6 31. Qd4 Rf7 32. Rxf7 Qxf7 33. Qd8+ Kh7
34. Rd7 Qg6 35. Re7 e3 36. fxe3 f4 37. Rxe6 Qb1+ 38. Kf2 Qc2+ 39. Ke1 f3 40.
Qh4+ Kg8 41. Re8+ Kf7 42. Qe7+ Kg6 43. Qe4+  1-0

[Event "87o Campeonato Brasileiro Absoluto Final Aberta"]
[Site "Cuiaba MT"]
[Date "2021.11.04"]
[Round "11"]
[Board "63"]
[White "Bisesar, Maycon Da Costa"]
[Black "Deus Filho, Joaquim De"]
[Result "1/2-1/2"]
[WhiteElo "1742"]
[BlackElo "1868"]
[PlyCount "34"]
[EventDate "2021.10.28"]
[EventRounds "11"]
[EventCountry "BRA"]

1. d4 Nf6 2. c4 e5 3. dxe5 Ne4 4. Nf3 b6 5. e3 Be7 6. Be2 O-O 7. O-O Bb7 8. b3
Nc6 9. Bb2 Re8 10. Nbd2 Nc5 11. Bc3 a5 12. Qc2 Bf8 13. Rad1 g6 14. a3 Bg7 15.
b4 axb4 16. axb4 Na4 17. Ba1 Nxb4  1/2-1/2

[Event "87o Campeonato Brasileiro Absoluto Final Aberta"]
[Site "Cuiaba MT"]
[Date "2021.11.04"]
[Round "11"]
[Board "64"]
[White "Nascimento, Davi De Araujo"]
[Black "Costa, Ricardo Santos"]
[Result "1-0"]
[WhiteElo "1628"]
[BlackElo "1834"]
[PlyCount "77"]
[EventDate "2021.10.28"]
[EventRounds "11"]
[EventCountry "BRA"]

1. e4 c5 2. Nc3 Nc6 3. g3 g6 4. Bg2 Bg7 5. Nge2 d6 6. O-O Nf6 7. d3 Bd7 8. f4
O-O 9. h3 Rb8 10. g4 e6 11. Ng3 b5 12. Nce2 e5 13. f5 Nd4 14. g5 Ne8 15. f6 Bh8
16. c3 Nxe2+ 17. Qxe2 Nc7 18. Be3 Qc8 19. Kh2 Ne6 20. h4 Re8 21. Bf3 Nf8 22.
Rh1 h5 23. Rhd1 b4 24. c4 a5 25. b3 a4 26. Rdb1 a3 27. Rh1 Ne6 28. Kg2 Nf4+ 29.
Bxf4 exf4 30. Nf1 Bg4 31. Nd2 Re5 32. Raf1 Qe6 33. Bxg4 hxg4 34. Rxf4 d5 35.
Qxg4 dxe4 36. Qxe6 fxe6 37. Rxe4 Bxf6 38. gxf6 Rf5 39. Rf1  1-0

[Event "87o Campeonato Brasileiro Absoluto Final Aberta"]
[Site "Cuiaba MT"]
[Date "2021.11.04"]
[Round "11"]
[Board "65"]
[White "Goetten Wagner, Julia"]
[Black "Ribeiro Carrico, Victor Hugo"]
[Result "1/2-1/2"]
[WhiteElo "1606"]
[BlackElo "1791"]
[PlyCount "40"]
[EventDate "2021.10.28"]
[EventRounds "11"]
[EventCountry "BRA"]

1. e4 e5 2. Nf3 Nc6 3. Bb5 Bc5 4. O-O Nf6 5. Nxe5 O-O 6. Bxc6 bxc6 7. d4 Qe7 8.
Nf3 Bb6 9. e5 Ng4 10. h3 Nh6 11. Bg5 Qe6 12. a4 a6 13. a5 Ba7 14. Nc3 Rb8 15.
Bc1 Nf5 16. Qd3 d6 17. Ng5 Qg6 18. exd6 cxd6 19. Rd1 Rb7 20. Nf3 Re7  1/2-1/2

[Event "87o Campeonato Brasileiro Absoluto Final Aberta"]
[Site "Cuiaba MT"]
[Date "2021.11.04"]
[Round "11"]
[Board "66"]
[White "Do Carmo, Gabriel Carckeno"]
[Black "Da Rosa, Henrique Jaze Simoes"]
[Result "1/2-1/2"]
[WhiteElo "1398"]
[BlackElo "1788"]
[PlyCount "98"]
[EventDate "2021.10.28"]
[EventRounds "11"]
[EventCountry "BRA"]

1. c4 c6 2. Nc3 d5 3. e3 Nf6 4. Nf3 Bg4 5. b3 e5 6. Be2 Nbd7 7. d4 Bb4 8. Bd2
Bxf3 9. Bxf3 e4 10. Be2 Bd6 11. cxd5 cxd5 12. Nb5 Be7 13. Rc1 O-O 14. f3 a6 15.
Nc3 Bd6 16. O-O Rc8 17. a4 Qe7 18. fxe4 dxe4 19. Be1 Ba3 20. Rc2 Rfd8 21. Bh4
Qb4 22. Bc4 Nb6 23. Nxe4 Nxe4 24. Bxf7+ Kh8 25. Bxd8 Rxd8 26. Rc7 Nd7 27. Qc2
Qe7 28. d5 Bd6 29. Rxd7 Rxd7 30. Be6 Qh4 31. g3 Nxg3 32. Bxd7 h6 33. hxg3 Qxg3+
34. Qg2 Qxe3+ 35. Kh1 Qxb3 36. Rg1 Qc3 37. Qe2 Qf6 38. Qg4 Qe5 39. Qg2 b5 40.
Rc1 b4 41. Be6 Bc7 42. Rxc7 Qxc7 43. Qd2 b3 44. Bf5 Qe5 45. Bb1 Qh5+ 46. Kg2
Qg4+ 47. Kf2 Qh4+ 48. Ke3 Qg3+ 49. Kd4 Qg1+  1/2-1/2

[Event "87o Campeonato Brasileiro Absoluto Final Aberta"]
[Site "Cuiaba MT"]
[Date "2021.11.04"]
[Round "11"]
[Board "68"]
[White "Farias, Sergio Luiz Cardoso"]
[Black "Bandeira, Tarciano"]
[Result "0-1"]
[WhiteElo "1543"]
[BlackElo "2026"]
[PlyCount "66"]
[EventDate "2021.10.28"]
[EventRounds "11"]
[EventCountry "BRA"]

1. e4 e5 2. Nf3 Nc6 3. Bb5 a6 4. Ba4 b5 5. Bb3 Na5 6. Bxf7+ Kxf7 7. Nxe5+ Ke7
8. d4 d6 9. Nd3 h6 10. Nc3 Qe8 11. Bd2 Nc4 12. Nd5+ Kd8 13. Bc1 Qxe4+ 14. Ne3
Nf6 15. O-O Nxe3 16. fxe3 Bb7 17. Qe2 Be7 18. Rf4 Qg6 19. Bd2 Kd7 20. Raf1 Raf8
21. h3 h5 22. Ne1 Ne4 23. R1f3 Nxd2 24. Qxd2 Bxf3 25. Nxf3 Rxf4 26. exf4 Qe4
27. d5 Bf6 28. c3 Re8 29. Kh1 Qe2 30. Qc1 Qf2 31. Qb1 Re2 32. Qf5+ Kd8 33. Qg6
Qf1+  0-1

[Event "87o Campeonato Brasileiro Absoluto Final Aberta"]
[Site "Cuiaba MT"]
[Date "2021.11.04"]
[Round "11"]
[Board "69"]
[White "Pinto, Pedro Jorge De Moraes"]
[Black "De Avelar, Flavio Henrique"]
[Result "1-0"]
[WhiteElo "2010"]
[BlackElo "1534"]
[PlyCount "119"]
[EventDate "2021.10.28"]
[EventRounds "11"]
[EventCountry "BRA"]

1. Nf3 d5 2. d4 Nf6 3. g3 c5 4. Bg2 Nc6 5. O-O e6 6. c3 Be7 7. Nbd2 O-O 8. dxc5
Bxc5 9. b4 Bd6 10. Qb3 a6 11. Rd1 b5 12. e4 Qc7 13. exd5 Nxd5 14. a3 Bb7 15. c4
bxc4 16. Nxc4 Be7 17. Bb2 Bf6 18. Bxf6 Nxf6 19. Rac1 Rfd8 20. h3 Rxd1+ 21. Qxd1
Rd8 22. Qe1 Qb8 23. Qe3 h6 24. Qb6 Nd7 25. Qe3 Nf6 26. Nb6 Ne7 27. Qc5 Ned5 28.
Nd4 Nd7 29. Nxd7 Rxd7 30. Kh2 Rc7 31. Qd6 Rc8 32. Qxb8 Rxb8 33. Nc6 Re8 34. Na5
Ba8 35. Bf1 h5 36. Bxa6 f5 37. Nc4 Rd8 38. b5 Nc7 39. Nb6 Bf3 40. Bb7 Nxb5 41.
Bxf3 Nxa3 42. Bxh5 Rd2 43. Kg2 Kh7 44. Bf7 e5 45. Nc4 Nxc4 46. Rxc4 e4 47. Kf1
g5 48. Rc6 Kg7 49. Bg6 Rd5 50. g4 f4 51. Bxe4 Rd4 52. Bf5 f3 53. Kg1 Rb4 54.
Kh2 Rb3 55. Kg3 Rb4 56. Rg6+ Kh8 57. Be6 Kh7 58. Rxg5 Re4 59. Bf5+ Kh8 60. Rh5+
 1-0

[Event "87o Campeonato Brasileiro Absoluto Final Aberta"]
[Site "Cuiaba MT"]
[Date "2021.11.04"]
[Round "11"]
[Board "70"]
[White "Freitas, Mauricio Mathioli"]
[Black "Cardoso, Marcio De Lucca"]
[Result "0-1"]
[WhiteElo "1441"]
[BlackElo "1892"]
[PlyCount "56"]
[EventDate "2021.10.28"]
[EventRounds "11"]
[EventCountry "BRA"]

1. Nf3 Nf6 2. g3 c5 3. Bg2 Nc6 4. O-O d5 5. c4 e5 6. cxd5 Nxd5 7. Qb3 Nb6 8.
Nc3 Be7 9. d3 O-O 10. Be3 Be6 11. Qc2 Rc8 12. Qd2 f6 13. Ne4 Nd4 14. Rac1 Nd5
15. Bxd4 cxd4 16. Rxc8 Bxc8 17. a3 Qb6 18. Rc1 Be6 19. h4 h6 20. h5 f5 21. Nxe5
fxe4 22. Bxe4 Bg5 23. f4 Nxf4 24. gxf4 Rxf4 25. Rc4 Rxe4 26. Qe1 Bxc4 27. dxe4
d3+ 28. Kf1 d2  0-1

[Event "87o Campeonato Brasileiro Absoluto Final Aberta"]
[Site "Cuiaba MT"]
[Date "2021.11.04"]
[Round "11"]
[Board "72"]
[White "Panazzolo, Paulo Victor"]
[Black "Braga, Marcelo Melem"]
[Result "1-0"]
[WhiteElo "1790"]
[BlackElo "1531"]
[PlyCount "65"]
[EventDate "2021.10.28"]
[EventRounds "11"]
[EventCountry "BRA"]

1. e4 c6 2. d4 d5 3. exd5 cxd5 4. c4 dxc4 5. Bxc4 e6 6. Nf3 Nc6 7. O-O h6 8. d5
Na5 9. dxe6 Qxd1 10. exf7+ Ke7 11. Rxd1 Nxc4 12. fxg8=Q Rxg8 13. Nc3 Bg4 14.
Nd5+ Kf7 15. Ne3 Bxf3 16. gxf3 Ne5 17. f4 Nf3+ 18. Kg2 Nh4+ 19. Kf1 Ke6 20. Ng2
Nxg2 21. Kxg2 Bd6 22. Re1+ Kf5 23. Bd2 g5 24. fxg5 Bf4 25. Bxf4 Kxf4 26. Re3
Rxg5+ 27. Rg3 Rag8 28. Rc1 R8g7 29. Rc4+ Ke5 30. Rc5+ Kd4 31. Rcxg5 Rxg5 32.
Rxg5 hxg5 33. Kg3  1-0

[Event "87o Campeonato Brasileiro Absoluto Final Aberta"]
[Site "Cuiaba MT"]
[Date "2021.11.04"]
[Round "11"]
[Board "73"]
[White "Pimentel, Lucas Dos Santos"]
[Black "Franco Filho, Sinvaldo Barreiros"]
[Result "1-0"]
[WhiteElo "1345"]
[BlackElo "1702"]
[PlyCount "95"]
[EventDate "2021.10.28"]
[EventRounds "11"]
[EventCountry "BRA"]

1. Nf3 Nf6 2. g3 d5 3. Bg2 Nbd7 4. O-O e5 5. d3 Bd6 6. Nc3 O-O 7. Bd2 c6 8. e4
d4 9. Nb1 Qb6 10. b3 a5 11. a4 Qc7 12. Na3 b6 13. Nc4 Be7 14. Nh4 Re8 15. f4
Ba6 16. f5 Bxc4 17. bxc4 Reb8 18. g4 Nxe4 19. Bxe4 Bxh4 20. g5 f6 21. Qh5 Bxg5
22. Bxg5 fxg5 23. Qxg5 Nf6 24. Bf3 Ra7 25. Rf2 b5 26. Rg2 bxc4 27. Qxf6 Ra6 28.
Bd5+ Kh8 29. Qf7 Qxf7 30. Bxf7 cxd3 31. cxd3 Rb7 32. Be6 Rb4 33. Re2 g6 34.
Rxe5 gxf5 35. Bxf5 Ra7 36. Re8+ Kg7 37. Rc8 Kf6 38. Be4 Rg7+ 39. Kh1 Rg5 40.
Rxc6+ Ke7 41. Rg1 Rxg1+ 42. Kxg1 Rxa4 43. Ra6 h5 44. Rh6 Ra2 45. Rxh5 Kf6 46.
Bd5 Rd2 47. Bc4 a4 48. Ra5  1-0